The impact of storytelling in high school students' oral perfomance : Luận văn thạc sĩ khoa học giáo dục chuyên ngành Lý luận và phương pháp dạy học bộ môn Tiếng Anh
This thesis introduce about impact of storytelling in high school students' oral perfomance.
Na minha lista:
| Autor principal: | |
|---|---|
| Formato: | Livro |
| Idioma: | Undetermined |
| Publicado em: |
Cần Thơ
Trường Đại học Cần Thơ
2018
|
| Assuntos: | |
| Tags: |
Adicionar Tag
Sem tags, seja o primeiro a adicionar uma tag!
|
| Thư viện lưu trữ: | Trung tâm Học liệu Trường Đại học Cần Thơ |
|---|
| LEADER | 00961nam a2200217Ia 4500 | ||
|---|---|---|---|
| 001 | CTU_227392 | ||
| 008 | 210402s9999 xx 000 0 und d | ||
| 082 | |a 420.7 | ||
| 082 | |b L406 | ||
| 100 | |a Nguyễn, Thanh Loan | ||
| 245 | 4 | |a The impact of storytelling in high school students' oral perfomance : | |
| 245 | 0 | |b Luận văn thạc sĩ khoa học giáo dục chuyên ngành Lý luận và phương pháp dạy học bộ môn Tiếng Anh | |
| 245 | 0 | |c Nguyễn Thanh Loan ; Nguyễn Bửu Huân (giảng viên hướng dẫn) | |
| 260 | |a Cần Thơ | ||
| 260 | |b Trường Đại học Cần Thơ | ||
| 260 | |c 2018 | ||
| 520 | |a This thesis introduce about impact of storytelling in high school students' oral perfomance. | ||
| 650 | |a English language,Tiếng Anh | ||
| 650 | |x Study and teaching,Học và dạy học | ||
| 910 | |b dqhieu | ||
| 980 | |a Trung tâm Học liệu Trường Đại học Cần Thơ | ||